000 00312nam a22001337a 4500
008 181102b xxu||||| |||| 00| 0 eng d
020 _a9780721692357
041 _aeng
080 _22nd
_a 610
100 _a4
101 _aSHM
245 _aComprehensive Review for NCLEX-RN
_cSilvestri,L.A
942 _2udc
_cBK
999 _c51583
_d51583